| 000 | 01266nas a2200337 4500 | ||
|---|---|---|---|
| 001 | BR8101889 | ||
| 003 | BR-BrBNA | ||
| 005 | 20231205084615.0 | ||
| 007 | ta | ||
| 008 | 230509b bl.|||p| |||| 00| 00por d | ||
| 040 |
_aBR-BrBNA _bpor _cBiblioteca Nacional de Agricultura |
||
| 041 | _a(Pt) | ||
| 072 | _aH10; H20; H60 | ||
| 110 | 1 |
_aPrograma Nacional de Melhoramento da Cana-de-acucar, Maceio, AL (Brasil). Coordenadoria Regional Nordeste; _98026 |
|
| 110 | 1 |
_aEstacao Experimental de Cana-de-Acucar de Alagoas, Maceio (Brasil) _94441 |
|
| 245 | 1 | _aCana-de-acucar: A preocupacao com a fitotecnia no Norte e Nordeste. Em Sao Paulo, o exemplo da Santa Elisa [Saccharum spp.; Broca; Castnia licus; Diatraea spp.; Cigarrinha; Mahanarva posticata; Fungo; Metarhizium anisopliae; Erva daninha; Brasil] | |
| 650 | _aPraga de planta | ||
| 650 | _aDoenca de planta | ||
| 650 | _aErva daninha | ||
| 650 | _aCana de acucar | ||
| 650 | _aBroca | ||
| 650 | _aCigarrinha | ||
| 650 | _aFungo | ||
| 650 | _aControle quimico | ||
| 650 | _aNorte | ||
| 650 | _aNordeste | ||
| 650 | _aSao Paulo | ||
| 773 | 0 |
_tAgropecuaria (Brazil) _xISSN 0365-2661 _g(May 1981), v. 2(26) p. 18-69 _wBR8101889 |
|
| 909 |
_a202311 _bLúcia _c55 _dLúcia Elande |
||
| 942 |
_2AGRIS _n0 _cANA |
||
| 999 |
_c106213 _d106213 |
||